000 00520nam a2200193Ia 4500
003 IN-BaIIA
008 211028s9999 xx 000 0 eng d
020 _a0-7876-5053-6
040 _cIIA Library
080 _a53
_bWOR-2
245 0 _aWorld of physics
_bvol. 2 m-z
_cedited by Kimberly A. McGrath
260 _aDetroit
_bGale Group
_c2001
300 _a2v. 895p.
500 _a2 Vol. Set
650 _aPhysics
_973
650 _aworld of physics
_927079
700 _aMcGrath, Kimberly A., ed.
_927080
942 _cBK
999 _c14964
_d14964